000 00523nam a2200205Ia 4500
003 OSt
005 20230401093936.0
008 210423s2006 xx 000 0 und d
020 _a8174464689
040 _cAL
041 _aeng
082 _a658.3 SAHJ
100 _aSAHA (Jayantee).
_981411
245 _aManagement and organizational behaviour.
260 _aNew Delhi
_bExcel Books
_c2006
300 _axi,537
_bPB
365 _b325
_cINR
906 _abehaviour. ; Management ; organizational
942 _2ddc
_cBK
999 _c157784
_d157784